000 00287nam a2200121Ia 4500
005 20251222152006.0
008 251222s9999||||xx |||||||||||||| ||spa||
082 _a574/A81
245 0 _aAnnals of Aplied Biology
250 _a1ra.ed.
264 _bAsociación de Biólogos
942 _cLIB
999 _c24714
_d24714